000 00918nam a2200289 i 4500
001 000009933
003 DO-SdBNP
005 20250822092000.0
007 ta
008 091002s1996 dr ac r 000 p spa d
020 _a1574680528
040 _aDO-SdBNP
_bspa
_cBNPHU
_erda
041 _aspa
082 4 _aRD861.44
_bD542f 1996
_222
100 1 _aDíaz Carela, Cecilio,
_d1948-
_eautor
_4aut.
_924839
245 1 0 _aFantasía terrenal /
_cCecilio Díaz Carela.
264 4 _aSanto Domingo :
_bAmerican Internacional Publishers,
_c©1996.
300 _a139 páginas :
_bilustraciones, retratos ;
_c20 cm.
336 _atexto
_btxt
_2rdacontent
337 _asin mediación
_bn
_2rdamedia
338 _avolumen
_bnc
_2rdacarrier
590 _aInventariado, 2018/BT
650 4 _aPoesía dominicana
_966
650 4 _aLiteratura dominicana.
_967
910 _aValidado. Control de calidad MMOLINA
942 _2ddc
_cLBS1
999 _c9692
_d9692